000 00610nam a22001697a 4500
999 _c14455
_d14455
008 190924b ||||| |||| 00| 0 eng d
020 _a9789719811404
082 _22019
_aDFil 959.9
_bAs93
100 _aAsuncion, Nestor M.
_939910
245 _aReadings in Philippine history/
_cNestor M. Asuncion, Geoffrey Rhoel C. Cruz
260 _aQuezon City:
_bC & E Publishing, Inc.,
_cc2019.
300 _avii, 244 pages:
_billustrations;
_c22 cm.
500 _aIncludes bibliographical references
650 _aPhilippines -- History.
_939911
700 _aCruz, Geoffrey Rhoel C.
_eAuthor
_939912
942 _2ddc
_cDFIL